Zelda Games - Statistics

General Stats
  • This quiz has been taken 22 times
  • The average score is 16 of 21
Answer Stats
Answer % Correct
Breath of the Wild
100%
Ocarina of Time
100%
A Link to the Past
95%
Majora's Mask
95%
Twilight Princess
95%
Four Swords
90%
Legend of Zelda
90%
Link's Awakening
90%
Wind Waker
90%
Minish Cap
86%
Phantom Hourglass
86%
Skyward Sword
86%
Spirit Tracks
86%
Four Swords Adventure
81%
Oracle of Ages
81%
Oracle of Seasons
81%
Adventure of Link
76%
Link Between Worlds
52%
Tri-force Heros
38%
Crossbow Training
19%
Tingle's Red Rupeeland
0%
No matching quizzes found
Score Distribution
Percent of People with Each Score
Percentile by Number Answered
Your Score History
You have not taken this quiz